Potenza e desiderio nella filosofia di Spinoza

Enregistré dans:
Détails bibliographiques
Auteur principal: Sportelli, Silvano (Auteur)
Format: Livre
Langue:italien
Publié: Nápoles Scientifiche Italiane 1995
Collection:Collana ESI-UNI, 51
Sujets:
Tags: Ajouter un tag
Pas de tags, Soyez le premier à ajouter un tag!

MARC

LEADER 00000nam a2200000 a 4500
001 UCO5923
003 CL-VaPUC
008 000922e19950000IT |||||||||||||||||ita|d
082 0 4 |a 147  |b SPO  |2 21 
100 0 |a Sportelli, Silvano  |e author  |9 450723 
245 1 0 |a Potenza e desiderio nella filosofia di Spinoza 
300 |a 221 p 
942 |c BK 
945 |d 20000922 00:00:00  |a vberengu 
260 |a Nápoles  |b Scientifiche Italiane  |c 1995 
600 0 7 |a SPINOZA, BENEDICTUS DE  |2 CL-VaPUC  |9 319727 
650 7 |a CUERPO  |2 CL-VaPUC  |9 357026 
650 0 |a Filosofía del derecho   |9 255050 
650 7 |a INDIVIDUO  |2 CL-VaPUC  |9 334576 
650 0 |a Mente  |9 330838 
650 7 |a PANTEISMO  |2 CL-VaPUC  |9 338863 
650 7 |a PODER  |2 CL-VaPUC  |9 450724 
583 |a last modification  |c 20000922 00:00:00  |k Rodrigo Vera 
490 0 |a Collana ESI-UNI, 51 
999 |c 291741  |d 291739 
952 |0 0  |1 0  |4 0  |6 147_000000000000000_SPO_1995  |7 0  |8 DER_HIS  |9 341911  |a BIBDER  |b BIBDER  |d 2019-11-20  |i 3591808  |o 147 SPO 1995  |p 3591808  |r 2023-01-25  |w 2019-11-20  |x Ubicación 4to Piso  |y BK  |z Estos recursos deben solicitarse con anticipación  |k DER